000 00673nas a2200241 4500
001 BR9202243
003 BR-BrBNA
005 20231205092454.0
007 ta
008 230509b bl.|||p| |||| 00| 00por d
040 _aBR-BrBNA
_bpor
_cBiblioteca Nacional de Agricultura
041 _a(Pt)
072 _aL01
100 1 _aSathler, I.
245 1 _aFique por dentro; a briga dos hormonios e anabolizantes
650 _aBOVINO
650 _aANABOLIZANTE
650 _aHORMONIO ANIMAL
650 _aGANHO DE PESO
773 0 _tZebu no Brasil (Brazil)
_x
_g(1986), v. 15(116) p. 42-43
_wBR9202243
909 _a202311
_bLúcia
_c55
_dLúcia Elande
942 _2AGRIS
_n0
_cANA
999 _c131950
_d131950